| 000 | 01041nmc a2200337 a 4500 | ||
|---|---|---|---|
| 003 | AR-BaBNM | ||
| 005 | 20251128204234.0 | ||
| 008 | 295019s1984 ||||||||||||||000 | spa|| | ||
| 020 | _a950-25-0133-0 | ||
| 040 | _cAR-BaBNM | ||
| 245 | 1 | 0 | _aRivadavia y su tiempo |
| 260 |
_aBuenos Aires _bCentro Editor de América Latina _c1984 |
||
| 300 | 0 | _a96 p. | |
| 490 | 0 |
_aHistoria testimonial Argentina: Documentos vivos de nuestro pasado _vv. 13 |
|
| 504 | _aBibliografía en p.16 | ||
| 600 | 1 | 4 |
_aRodríguez, Martín _d1771-1845 |
| 600 | 1 | 4 |
_aRivadavia, Bernardino _d1780-1845 |
| 650 | 4 | _aHISTORIA ARGENTINA | |
| 650 | 4 | _aHISTORIA DE LAS IDEAS | |
| 650 | 4 | _aHISTORIA ECONOMICA | |
| 650 | 4 | _aHISTORIA DE LA EDUCACION | |
| 650 | 4 | _aHISTORIA DE LAS RELIGIONES | |
| 650 | 4 | _aDOCUMENTOS | |
| 650 | 4 | _aMATERIAL FUENTE | |
| 700 | 1 |
_aAreces, Nidia R. _ecompilador |
|
| 700 | 1 |
_aOssanna, Edgardo O. _ecompilador |
|
| 800 | 1 |
_aBertoni, Lilia Ana _edirector |
|
| 800 | 1 |
_aRomero, Luis Alberto _edirector |
|
| 942 | _cBK | ||
| 998 | _cMarce | ||
| 999 |
_c6665 _d6665 |
||